Harry potter y las reliquias de la muerte /

Guardado en:
Autor Principal: Rowling, J. K.
Otros Autores: Rovira Ortega, Gemma, trad., Avendaño, Dolores, il.
Formato: Libro
Publicado: Barcelona : Salamandra, 2007
Series:Serie Harry Potter
Materias:
Etiquetas: Agregar Etiqueta
Sin Etiquetas, Sea el primero en etiquetar este registro!
LEADER 01007nam a22002775a 4500
001 CEM.cems012802
005 20080526135105.0
008 130507s2007##################000#0#####d
003 CEMS
020 |a 97898381436 
082 0 4 |a 823.9 
100 1 |a Rowling, J. K. 
245 1 0 |a Harry potter y las reliquias de la muerte /  |c J. K. Rowling ; traducido Por Gemma Rovira Ortega ; ilustraciones de Dolores Avendaño 
260 |a Barcelona :  |b Salamandra,  |c 2007 
300 |a 638 p. 
490 0 |a Serie Harry Potter 
653 |a Literatura 
653 |a Literatura inglesa siglo 21 
653 |a Novelas 
653 |a Novelas juveniles 
700 1 |a Rovira Ortega, Gemma, trad. 
700 1 |a Avendaño, Dolores, il. 
859 |a CEMS  |b BIB. CEMS - 11 de abril  |h 823.9  |i R795-6  |p 25057.08  |t Ej.1 
859 |a CEMS  |b BIB. CEMS - 11 de abril  |h 823.9  |i R795-6  |p 25058.08  |t Ej.2 
859 |a CEMS  |b BIB. CEMS - 11 de abril  |h 823.9  |i R795-6  |p 27679.18  |t Ej.3 
859 |a CEMS  |b BIB. CEMS - 11 de abril  |h 823.9  |i R795-6  |p 27680.18  |t Ej.4